000 00307 a2200121 4500
090 _c1354
_d1354
100 _aSorokin, Pitirim A
245 _aSocial and Cultural Mobility
260 _aIslamabad
_bNational Book Foundation
_c2008
300 _a645 p.
500 _aHardcover
942 _aNBS
_cBK
_k301.44 SOR
999 _c343876
_d343876